000 00808cam a2200253 4500
001 WB3617-22
008 000000n2000 000 0 eng u
035 _a(Sirsi) u105754
245 _aE-commerce alliance
260 _c2000
490 _aEstates Gazette
_v(0017) 29 April 2000, 39(1)
520 _aCB Richard Ellis, Jones Lang LaSalle and Trammell Crow have joined forces to develop a range of e-commerce initiatives, primarily aimed at the US market, such as procurement and support services.
590 _aWB
650 _aCBRE
650 _aJONES LANG LASALLE
650 _aTRAMMELL CROW
650 _aUNITED STATES
650 _aE-COMMERCE
650 _aOCTANE
650 _aProcurement-old
650 _aSUPPORT SERVICES
690 _aINFORMATION TECHNOLOGY-INTERNET
942 _n0
999 _c63334
_d63334